000
00327nam a2200145Ia 4500
003
OSt
005
20240304105022.0
008
170524s9999 xx 000 0 und d
020
_a
978-8125000808
040
_c
IIMT UNIVERSITY
100
_a
R.K Bansal
245
0
_a
Spoken English
260
_a
Orient Longmen
942
_2
ddc
_c
01
999
_c
3131
_d
3131